Music Quiz

Random Music or Artist Quiz

Epic Musician Pictograms Quiz Stats

 Plays Quiz Updated Oct 22, 2015

Challenge
Share
Tweet
Score 0/8 Timer 08:00
1 Play Today
% Correct
The Beatles
97.5%
The Rolling Stones
47.7%
Johnny Cash
42.6%
David Bowie
33.7%
Bruce Springsteen
33.6%
Elvis Presley
23.3%
Bob Dylan
14.9%
Iggy Pop
5.7%

You're not logged in!

Compare scores with friends on all Sporcle quizzes.
OR
Log In

You Might Also Like...

Show Comments

Extras

Top Quizzes Today


Score Distribution

Your Account Isn't Verified!

In order to create a playlist on Sporcle, you need to verify the email address you used during registration. Go to your Sporcle Settings to finish the process.

Report this User

Report this user for behavior that violates our Community Guidelines.

Details: